<?xml version="1.0" encoding="UTF-8"?>
<record
    xmlns:xsi="http://www.w3.org/2001/XMLSchema-instance"
    xsi:schemaLocation="http://www.loc.gov/MARC21/slim http://www.loc.gov/standards/marcxml/schema/MARC21slim.xsd"
    xmlns="http://www.loc.gov/MARC21/slim">

  <leader>01167nam a2200265 a 4500</leader>
  <controlfield tag="001">000019541</controlfield>
  <controlfield tag="005">20250507132555.0</controlfield>
  <controlfield tag="008">100630s2008    cu ac         000 0 spa d</controlfield>
  <datafield tag="020" ind1=" " ind2=" ">
    <subfield code="a">9789592105355</subfield>
  </datafield>
  <datafield tag="040" ind1=" " ind2=" ">
    <subfield code="a">DO-SdBNP</subfield>
    <subfield code="b">spa</subfield>
    <subfield code="c">BNPHU</subfield>
  </datafield>
  <datafield tag="082" ind1=" " ind2=" ">
    <subfield code="a">972.9105</subfield>
    <subfield code="b">P124p</subfield>
  </datafield>
  <datafield tag="100" ind1="1" ind2=" ">
    <subfield code="a">Padr&#xF3;n Vald&#xE9;s, Abelardo H.</subfield>
    <subfield code="9">41941</subfield>
  </datafield>
  <datafield tag="245" ind1="1" ind2="0">
    <subfield code="a">Panchito G&#xF3;mez Toro :</subfield>
    <subfield code="b">lealtad probada /</subfield>
    <subfield code="c">Abelardo H. Padr&#xF3;n Vald&#xE9;s ; edici&#xF3;n Lourdes Escalona Mari&#xF1;o ; correcci&#xF3;n Bel&#xE9;n M. Sardi&#xF1;as &#xC1;lvarez y Leonella L&#xF3;pez ; pr&#xF3;logo Jorge Ibarra Cuesta.</subfield>
  </datafield>
  <datafield tag="260" ind1=" " ind2=" ">
    <subfield code="a">La Habana Vieja, Ciudad de La Habana :</subfield>
    <subfield code="b">Abril,</subfield>
    <subfield code="c">2008.</subfield>
  </datafield>
  <datafield tag="300" ind1=" " ind2=" ">
    <subfield code="a">296 p. :</subfield>
    <subfield code="b">retrs. ;</subfield>
    <subfield code="c">23 cm.</subfield>
  </datafield>
  <datafield tag="504" ind1=" " ind2=" ">
    <subfield code="a">Incluye referencias bibliogr&#xE1;ficas y notas al pie de las p&#xE1;ginas</subfield>
  </datafield>
  <datafield tag="600" ind1="1" ind2="4">
    <subfield code="a">G&#xD3;MEZ TORO, PANCHITO</subfield>
    <subfield code="d">1876-1896</subfield>
    <subfield code="q">FRANCISCO G&#xD3;MEZ TORO</subfield>
    <subfield code="9">41942</subfield>
  </datafield>
  <datafield tag="650" ind1=" " ind2="4">
    <subfield code="a">Revolucionarios</subfield>
    <subfield code="z">Cuba</subfield>
    <subfield code="v">BIOGRAF&#xCD;A</subfield>
    <subfield code="9">41943</subfield>
  </datafield>
  <datafield tag="651" ind1=" " ind2="4">
    <subfield code="a">Cuba</subfield>
    <subfield code="x">Historia</subfield>
    <subfield code="y">REVOLUCI&#xD3;N, 1895-1898</subfield>
    <subfield code="9">3989</subfield>
  </datafield>
  <datafield tag="700" ind1="1" ind2=" ">
    <subfield code="a">Escalona Mari&#xF1;o, Lourdes,</subfield>
    <subfield code="e">ed.</subfield>
    <subfield code="9">41944</subfield>
  </datafield>
  <datafield tag="700" ind1="1" ind2=" ">
    <subfield code="a">Sardi&#xF1;as &#xC1;lvarez, Bel&#xE9;n M.,</subfield>
    <subfield code="e">corr.</subfield>
    <subfield code="9">41945</subfield>
  </datafield>
  <datafield tag="700" ind1="1" ind2=" ">
    <subfield code="a">L&#xF3;pez, Leonella,</subfield>
    <subfield code="e">corr.</subfield>
    <subfield code="9">41946</subfield>
  </datafield>
  <datafield tag="700" ind1="1" ind2=" ">
    <subfield code="a">Ibarra Cuesta, Jorge</subfield>
    <subfield code="d">1931-2017</subfield>
    <subfield code="e">pr&#xF3;l.</subfield>
    <subfield code="9">41947</subfield>
  </datafield>
  <datafield tag="049" ind1=" " ind2=" ">
    <subfield code="a">BNPD</subfield>
  </datafield>
  <datafield tag="952" ind1=" " ind2=" ">
    <subfield code="0">0</subfield>
    <subfield code="1">0</subfield>
    <subfield code="5">0</subfield>
    <subfield code="7">1</subfield>
    <subfield code="8">MO</subfield>
    <subfield code="a">GR</subfield>
    <subfield code="b">GR</subfield>
    <subfield code="c">CT</subfield>
    <subfield code="d">2010-06-30</subfield>
    <subfield code="i">LF1</subfield>
    <subfield code="l">0</subfield>
    <subfield code="o">972.9105 P124p</subfield>
    <subfield code="p">19541-10</subfield>
    <subfield code="r">2020-06-25</subfield>
    <subfield code="w">2020-06-25</subfield>
    <subfield code="y">1</subfield>
    <subfield code="Z">No se presta</subfield>
  </datafield>
  <datafield tag="999" ind1=" " ind2=" ">
    <subfield code="c">19057</subfield>
    <subfield code="d">19057</subfield>
  </datafield>
</record>
